Science Quiz

Random Science Quiz

Elements in life's processes Quiz Stats

 Plays Quiz not verified by Sporcle

Also try: Baby Beasts A-Z
Challenge
Share
Tweet
Embed
Score 0/25 Timer 06:00
0 Plays Today
% Correct
Carbon
100%
Nitrogen
100%
Hydrogen
91.7%
Oxygen
91.7%
Magnesium
83.3%
Phosphorus
83.3%
Sulfur
83.3%
Iron
83.3%
Fluorine
75%
Sodium
75%
Chlorine
75%
Calcium
75%
Potassium
66.7%
% Correct
Copper
66.7%
Zinc
66.7%
Manganese
58.3%
Selenium
58.3%
Iodine
58.3%
Bromine
50%
Cobalt
41.7%
Vanadium
33.3%
Chromium
33.3%
Nickel
33.3%
Molybdenum
33.3%
Tungsten
16.7%

You're not logged in!

Compare scores with friends on all Sporcle quizzes.
OR
Log In

You Might Also Like...

Show Comments

Extras

Created Oct 25, 2011ReportNominate
Tags:life, process

Top Quizzes Today


Score Distribution

Your Account Isn't Verified!

In order to create a playlist on Sporcle, you need to verify the email address you used during registration. Go to your Sporcle Settings to finish the process.

Report this User

Report this user for behavior that violates our Community Guidelines.

Details: